Business result. Intermediate : student's book /
Guardado en:
| Autor Principal: | |
|---|---|
| Otros Autores: | |
| Formato: | Libro |
| Publicado: |
Oxford :
Oxford University,
2019.
|
| Materias: | |
| Etiquetas: |
Agregar Etiqueta
Sin Etiquetas, Sea el primero en etiquetar este registro!
|
| LEADER | 00648nam a22001935a 4500 | ||
|---|---|---|---|
| 001 | CEM.cems021270 | ||
| 008 | 240704s2019##################000#0#####d | ||
| 005 | 20240705111923.0 | ||
| 245 | 1 | 0 | |a Business result. Intermediate : |b student's book / |c John Hughes y Jon Naunton. |
| 260 | |a Oxford : |b Oxford University, |c 2019. | ||
| 300 | |a 160 p. + CD. | ||
| 500 | |a Incluye Cd Interactive workbook with video por Alastair Lane y Chris Speck. | ||
| 020 | |a 9780194739399 | ||
| 100 | 1 | |a Hughes, John. | |
| 700 | 1 | |a Naunton, Jon. | |
| 082 | 0 | 4 | |a 428.64 |
| 653 | |a Inglés | ||
| 653 | |a Texto en inglés | ||
| 859 | |a CEMS |b BIB. CEMS - 11 de abril |h 428.64 |i H874 |p 27349.17 |t Ej.1 | ||
